Информационные технологии в туризме и gis-системы: учебное пособие для вузов

Xehetasun bibliografikoak
Egile nagusia: Санникова Н. И.
Erakunde egilea: Югорский государственный университет (ЮГУ) Институт менеджмента и экономики
Gaia:Учебное пособие составлено в соответствии с Государственным образовательным стандартом № 410гум/маг магистерской программы Менеджмент в туризме и предназначено для магистров туризма первого года обучения в качестве руководства для подготовки к теоретическим занятиям. Учебник подготовлен в рамках программы Темпус, проект № 144881-Tempus-2008-DK-JPCR "Международная магистерская программа по туризму для сибирских регионов". Проект финансируется Европейской Комиссией. Содержание данного учебного пособия является предметом ответственности автора и не отражает точку зрения Европейской Комиссии.
Hizkuntza:errusiera
Argitaratua: Ханты-Мансийск, ЮГУ, 2010
Saila:Tempus
Gaiak:
Formatua: Liburua
KOHA link:https://koha.lib.tpu.ru/cgi-bin/koha/opac-detail.pl?biblionumber=206137

MARC

LEADER 00000nam0a2200000 4500
001 206137
005 20231101225327.0
035 |a (RuTPU)RU\TPU\book\224696 
090 |a 206137 
100 |a 20111226d2010 m y0rusy50 ca 
101 0 |a rus 
102 |a RU 
105 |a a j 001zy 
200 1 |a Информационные технологии в туризме и gis-системы  |e учебное пособие для вузов  |f Н. И. Санникова  |g Югорский государственный университет (ЮГУ), Институт менеджмента и экономики 
210 |a Ханты-Мансийск  |c ЮГУ  |d 2010 
215 |a 463 с.  |c ил. 
225 1 |a Tempus 
320 |a Библиогр.: с. 459-462. 
330 |a Учебное пособие составлено в соответствии с Государственным образовательным стандартом № 410гум/маг магистерской программы Менеджмент в туризме и предназначено для магистров туризма первого года обучения в качестве руководства для подготовки к теоретическим занятиям. Учебник подготовлен в рамках программы Темпус, проект № 144881-Tempus-2008-DK-JPCR "Международная магистерская программа по туризму для сибирских регионов". Проект финансируется Европейской Комиссией. Содержание данного учебного пособия является предметом ответственности автора и не отражает точку зрения Европейской Комиссии. 
606 1 |a Туризм  |x Экономика  |2 stltpush  |3 (RuTPU)RU\TPU\subj\53770  |9 71935 
610 1 |a информационные технологии 
610 1 |a GIS-системы 
610 1 |a турбизнес 
610 1 |a информация 
610 1 |a защита 
610 1 |a оргтехника 
610 1 |a системы связи 
610 1 |a электронный офис 
610 1 |a мультимедийные технологии 
610 1 |a презентации 
610 1 |a базы данных 
610 1 |a информационно-поисковые системы 
610 1 |a глобальные информационные системы 
610 1 |a мониторинг 
610 1 |a навигационные системы 
610 1 |a ГИС-системы 
610 1 |a информационные технологии управления 
610 1 |a электронная коммерция 
610 1 |a электронные платежи 
610 1 |a электронные деньги 
610 1 |a электронный маркетинг 
610 1 |a системы бронирования 
610 1 |a резервированные системы 
610 1 |a автоматизация 
610 1 |a гостиничный бизнес 
610 1 |a индустрия развлечений 
610 1 |a учебные пособия 
686 |a У9(2)43я73  |v LBC/SL-A  |2 rubbk 
700 1 |a Санникова  |b Н. И. 
712 0 2 |a Югорский государственный университет (ЮГУ)  |b Институт менеджмента и экономики  |c (Ханты-Мансийск)  |2 stltpush  |3 (RuTPU)RU\TPU\col\14344 
801 1 |a RU  |b 63413507  |c 20111226 
801 2 |a RU  |b 63413507  |c 20170320  |g RCR 
942 |c BK